000 01007nam0a22002651 4500
001 rc\4445183
005 20130416161027.4
021 _aRU
_b[62-7097]
035 _a(NLR Aleph) 008583060
090 _a8597166
_c8597166
100 _a20130416d1961 |||y0rusy50 ca
101 0 _arus
102 _aRU
105 _aa z |||||
200 1 _aАвтоматизированные и механизированные бетонные заводы
_e[Учеб. пособие для инж.-строит. и автомоб.-дор. вузов и фак.]
210 _aМосква
_cВысш. школа
_d1961
215 _a414 с.
_cчерт.
_d22
320 _aБиблиогр.: с. 411-412
606 _aБетонные заводы, автоматические
_jУчебники и пособия
_2psbo
700 1 _aЗеличенок
_bГ. Г.
_gГавриил Григорьевич
801 0 _aRU
_bNLR
_gpsbo
801 1 _aRU
_bELAR
_2rusmarc
852 _aNLR
_j62-5/993
942 _cBOOK
980 _aNB